Central Library OPAC University of Rajshahi

The chemistry of heterocyclic compounds / (Record no. 11141)

MARC details
000 -LEADER
fixed length control field 00993nam a22003011 4500
001 - CONTROL NUMBER
control field 11141
003 - CONTROL NUMBER IDENTIFIER
rucl marc code BD-RjUL
005 - DATE AND TIME OF LATEST TRANSACTION
control field 20211208235058.0
008 - FIXED-LENGTH DATA ELEMENTS--GENERAL INFORMATION
fixed length control field 140126s1946 nyua b 001 0 eng d
035 ## - SYSTEM CONTROL NUMBER
System control number MITb10322685
System control number (OCoLC)01397301
System control number GLIS00322685
-- (BD-RjUL)11190
040 ## - CATALOGING SOURCE
Original cataloging agency DLC/ICU
Transcribing agency CGU
Modifying agency m.c.
-- RQB
-- BD-RjUL
Language of cataloging eng
041 ## - LANGUAGE CODE
Language code of text/sound track or separate title eng
082 ## - DEWEY DECIMAL CLASSIFICATION NUMBER
Classification number 547.59
Author mark and year MOC 1946
090 ## - LOCALLY ASSIGNED LC-TYPE CALL NUMBER (OCLC); LOCAL CALL NUMBER (OCLC)
Classification number (OCLC) (R) ; Classification number, CALL (RLIN) (NR) QD400
Local cutter number (OCLC) ; Book number/undivided call number, CALL (RLIN) .M65 1946
099 ## - LOCAL FREE-TEXT CALL NUMBER (OCLC)
Bangla Class number QD400.M65 1946
100 1# - MAIN ENTRY--PERSONAL NAME
Personal name Morton, Avery A.
Fuller form of name (Avery Adrian),
Dates associated with a name 1892-
9 (RLIN) 34460
245 14 - TITLE STATEMENT
Title The chemistry of heterocyclic compounds /
Statement of responsibility, etc. Avery A. Morton
250 ## - EDITION STATEMENT
Edition statement 1st ed.
260 ## - PUBLICATION, DISTRIBUTION, ETC. (IMPRINT)
Place of publication, distribution, etc. New York:
-- London;
Name of publisher, distributor, etc. McGraw-Hill book company, inc.,
Date of publication, distribution, etc. c1946
300 ## - PHYSICAL DESCRIPTION
Pagination vii, 549 p.
Illustrations ill. ;
Size 22 cm.
490 1# - SERIES STATEMENT
Series statement International chemical series; L.P. Hammett, PH. D., consulting editor
504 ## - BIBLIOGRAPHY, ETC. NOTE
Bibliography, etc Bibliographical foot-notes.
650 #0 - SUBJECT ADDED ENTRY--TOPICAL TERM
Topical term or geographic name as entry element Heterocyclic compounds.
9 (RLIN) 34461
830 #0 - SERIES ADDED ENTRY--UNIFORM TITLE
Uniform title International chemical series.
942 ## - ADDED ENTRY ELEMENTS (KOHA)
Source of classification or shelving scheme Dewey Decimal Classification
Koha item type Books
Holdings
Lost status Source of classification or shelving scheme Damaged status Not for loan Collection code Permanent Location Current Location Shelving location Date acquired Source of acquisition Cost, normal purchase price Total Checkouts Full call number Date last seen Copy number Koha item type
  Dewey Decimal Classification     Non-fiction Central Library, University of Rajshahi Central Library, University of Rajshahi   29/01/1958 Black well 3.70   547.59 MOC 1946 26/01/2014 C-2 Books
  Dewey Decimal Classification   Not For Loan Non-fiction Central Library, University of Rajshahi Central Library, University of Rajshahi Reading Room 16/10/1957 Publisher united 41.40   547.59 MOC 1946 24/05/2017 C-1 Books